01053nas a2200277Ia 4500001001600000003001000016008004100026040002500067041001300092100002200105210002200127222002200149245012700171250001100298260000900309501012300318300001600441362003000457500003000487650002300517700001100540942000700551957000600558999003300564952017800597A07/R086-52891 IT-MiCISF161014c99999999xx |||||||||||| ||und|| aIT-MiCISFcIT-MiCISF aITALIANO aPossenti Vittorio aMedicina e morale aMedicina e morale 0aSugli argomenti usati in bioetica e sullo statuto dell'embrione umano. Una discussione con Carlo Flamigni e Maurizio Mori  a1a ed. c2014 bCISF - Centro Internazionale Studi Famiglia - Via Giotto, 36 20145 MILANO (non commercial uses only)cCopyright 2016 app. 303-313 an. 2, marzo-aprile [2014] a Tema: bioetica, embrione aBIOETICAvarticolo aAA.VV. cCR 71 a52891bSig1c234419d234419 0010406A_07_000000000000000_R0865289171aCISFbCISFd2016-10-14l0oA07/R086-52891 r2016-10-14 00:00:00w2016-10-14yCRzData import 15.10.2016 / by Epidotti, Vaglietti